Haotj động giáo dục ngoài giờ lên lớp ở trường THCS Tài liệu dùng cho sinh viên trình độ CĐSP
v.v...
Đã lưu trong:
| Tác giả chính: | |
|---|---|
| Định dạng: | Sách |
| Năm xuất bản: |
Quảng Bình
Đại học Quảng Bình
2009
|
| Chủ đề: | |
| Tags: |
Thêm thẻ
Không có thẻ, Hãy là người đầu tiên gắn thẻ bản ghi này!
|
| LEADER | 00621nam a2200157 4500 | ||
|---|---|---|---|
| 999 | |c 14231 |d 14231 | ||
| 082 | |a 378.1 |b C108Đ | ||
| 100 | |a Cao Đức Minh | ||
| 245 | |a Haotj động giáo dục ngoài giờ lên lớp ở trường THCS |b Tài liệu dùng cho sinh viên trình độ CĐSP |c Cao Đức Minh | ||
| 260 | |a Quảng Bình |b Đại học Quảng Bình |c 2009 | ||
| 300 | |a 37tr. |c 30cm. | ||
| 520 | |a v.v... | ||
| 653 | |a Giáo dục | ||
| 653 | |a Bài giảng | ||
| 942 | |2 ddc |c TC | ||
| 952 | |0 0 |1 0 |2 ddc |4 0 |6 378_100000000000000_C108Đ |7 0 |8 000 |9 111213 |a qbu |b qbu |c D1 |d 2017-07-14 |o 378.1 C108Đ |p BG304.c1 |r 2017-07-14 |w 2017-07-14 |y TC | ||